• 首页
  • 本馆介绍
  • 公告通知
  • 最新文献
  • 馆藏检索
  • 电子资源
  • 读者导购
  • 参考咨询
  • 我的图书馆
  • 登录
  • 详细信息显示
  • 放入我的书架
  • 预约/预借图书
  • 作者相关作品
  • 分类相关作品
  • 丛书相关作品
  • 出版社相关作品

书目信息

  • 表格格式
  • 工作单格式
  • 卡片格式
题名:
恩格思《论马克思》 列宁《论马克思和恩格斯》 斯大林《论列宁》提要和注释
    
 
作者:
分册:  
出版信息:    1973
页数: 205页
开本: 20cm
丛书名:
单 册:
中图分类: A85
科图分类:
主题词: 马列著作研究--汇编--学习 , 马列著作研究--汇编
电子资源:
ISBN:
000 00555nam0 2200169 450
001 0632819687
005 20060705090922.62
100    @a20060705d1973 km y0chiy0120 ea
101 0  @achi
200 1  @a恩格思《论马克思》 列宁《论马克思和恩格斯》 斯大林《论列宁》提要和注释@Aen ge si《lun ma ke si》lie ning《lun ma ke si he en ge si》si da lin《lun lie ning》ti yao he zhu shi
210    @d1973
215    @a205页@d20cm
606 0  @a马列著作研究@x汇编@x学习
606 0  @a马列著作研究@x汇编
690    @aA85@v3
801  0 @aCN@bPFT@c20060705
905    @a10447@dA85@e1
    
    恩格思《论马克思》 列宁《论马克思和恩格斯》 斯大林《论列宁》提要和注释.-1973
    205页;20cm
    
    
    ISBN :
    
●
相关链接 在E读中查询图书 在五车中查询图书 在当当中查询图书 在豆瓣中查询图书


正题名:恩格思《论马克思》 列宁《论马克思和恩格斯》 斯大林《论列宁》提要和注释     索取号:A85/1         预约/预借

序号 登录号 条形码 馆藏地/架位号 状态 备注
1 0421292   204212921   密集书库/ [索取号:A85/1] 在馆    
唐山师范学院图书馆 欢迎您!
大连网信软件有限公司© 版权所有